000 00618cam a22002053a 4500
001 41090
003 PGUSA
005 20140828083927.0
008 121017s2012||||xxu|||||s|||||000 | eng d
040 _aPGUSA
_beng
042 _adc
100 1 _aLe Queux, William,
_d1864-1927
245 1 0 _aAt the Sign of the Sword :
_bA Story of Love and War in Belgium
_h[electronic resource] /
_cWilliam Le Queux
260 _bProject Gutenberg,
_c2012
506 _aPublic domain in the USA.
516 _aElectronic text
830 0 _aProject Gutenberg
_v41090
856 4 0 _uhttp://www.gutenberg.org/ebooks/41090
942 _cEB
999 _c270342
_d270342